| 000 | | | 05330cbc2a2200313#x 450 |
| 001 | | | 42059772-f647-4d10-94e6-594ae2bbd830 |
| 005 | | | 20240125113245.0 |
| 100 | ## | $a | 20201215l19251925k y0rusy50 ca |
| 101 | 0# | $a | rus |
| 102 | ## | $a | RU |
| 105 | ## | $a | y z ||||| |
| 122 | 0# | $a | d1925###### |
| 200 | 1# | $a | Протоколы №№ 1-2 Объединенных Заседаний Оргкомиссии по созыву 3-го Всесоюзного и XII-го Всероссийского Съездов Советов |
| | $j | 1925 |
| 215 | ## | $a | 41 лист |
| 251 | ## | $c | Дело |
| 300 | ## | $a | Заголовок дела на папке: Протоколы №№ 1-2 Объединенных Заседаний Оргкомиссии по созыву 3-го Всесоюзного и XII-го Всероссийского Съездов Советов. 1925 г. |
| 300 | ## | $a | Машинописный и рукописный текст |
| 324 | ## | $a | В деле имеются копии отдельных документов |
| 330 | ## | $a | Входит в раздел описи: 3-й Съезд Советов |
| 461 | #0 | $1 | 001796d4672-8a00-4986-b488-6e42273792cc |
| | $1 | 2001 |
| | $a | ЦЕНТРАЛЬНЫЙ ИСПОЛНИТЕЛЬНЫЙ КОМИТЕТ СССР (ЦИК СССР) |
| | $1 | 251 |
| | $c | Фонд |
| | $1 | 852 |
| | $g | Р |
| | $j | 3316 |
| 462 | #0 | $1 | 001223cd9f1-129f-4399-9e60-ba682fc263d8 |
| | $1 | 2001 |
| | $a | Дела 3-го Съезда Советов и 1-й, 2-й, 3-й Сессий ЦИК СССР 3-го созыва. 1925-й год - 1927 г. |
| | $v | Д. 93 |
| | $1 | 251 |
| | $c | Опись |
| | $1 | 852 |
| | $j | 3 |
| 517 | 1# | $a | Протоколы №№ 1-2 Объединенных Заседаний Оргкомиссии по созыву 3-го Всесоюзного и XII-го Всероссийского Съездов Советов. 1925 г. |
| 801 | #0 | $a | RU |
| | $b | GA_RF |
| 801 | #1 | $a | RU |
| | $b | ГлавНИВЦ |
| | $c | 20201215 |
| | $2 | rusmarc |
| 801 | #2 | $a | RU |
| | $b | ПБ им. Б.Н. Ельцина |
| | $c | 20210203 |
| | $g | RCR |
| | $2 | rusmarc |
| 852 | ## | $a | ГА РФ |
| | $j | 93 |
| 937 | ## | $d | 156190112 |
| | $h | ГАРФ |
| 035 | ## | $a | RuPRLIB51059435 |
| 856 | ## | $u | http://readingroom.main.prlib.ru/item.aspx?id_node=n156190112&mode=full |
| 850 | ## | $a | Государственный архив Российской Федерации |
| 601 | 01 | $2 | prlib_sh |
| | $3 | LIBNET\UAF\0000110472 |
| | $a | СССР |
| | $b | Съезд Советов |
| | $d | 3 |
| | $f | 1925 |
| | $j | Архивные дела |
| 601 | 01 | $2 | prlib_sh |
| | $3 | LIBNET\UAF\0000110473 |
| | $a | РСФСР |
| | $b | Съезд Советов |
| | $c | 12 |
| | $j | Архивные дела |
| 605 | ## | $2 | acquisition_Prlib |
| | $3 | LIBNET\UAF\0000026627 |
| | $a | Конституция – Основной Закон |
| | $l | коллекция |
| 605 | ## | $a | Власть |
| | $l | коллекция |
| | $2 | acquisition_Prlib |
| | $3 | DITM\AF\0000002775 |
| 686 | ## | $2 | rubbk |
| | $a | 63.3(2)613-3ю11 |
| | $v | LBC/M |